LEADER 01550nam a2200325 a 4500 001 000000128333 003 CaOOAMICUS 005 20120403161959.0 008 120403s2012 it u000 u ita r 040 $aPUL$bita 082 04$a501 100 1 $aBruzzaniti, Giuseppe.$0(OLS)http://pul/name/82000 245 10$aGiuseppe Bruzzaniti racconta Enrico Fermi :$bl'atomo e la bomba atomica. 246 33$aEnrico Fermi :$bl'atomo e la bomba atomica 260 $aRoma :$bGruppo editoriale l'Espresso,$cİ2012. 300 $a96 p. ;$c19 cm 490 1 $aCapire la scienza. La scienza raccontata dagli scienziati ;$v14 500 $aNell'occhietto: La biblioteca di Repubblica. 600 14$aFermi, Enrico,$d1901-1954.$0(OLS)http://pul/subject/35709 650 4$aNucleare$xStoria.$0(OLS)http://pul/subject/38583 650 4$aScienza$xStoria.$0(OLS)http://pul/subject/1198 830 0$aCapire la scienza. La scienza raccontata dagli scienziati ;$v14.$0(OLS)http://pul/title/161562 850 $aPUL 852 $aPUL$W1$xDP2 Cons. Gen., Altre Classi 3$y97$m501 COLL 2.14$j148580$qDDC 21$B147121$CPULBib$Z2$F147121 $H119345 $82 941 1 $a9 996 $6082$a501$9(OLS)http://pul/classification/520 996 $6246$aEnrico Fermi :$bl'atomo e la bomba atomica$9(OLS)http://pul/title/162185 996 $6245$aGiuseppe Bruzzaniti racconta Enrico Fermi :$bl'atomo e la bomba atomica$9(OLS)http://pul/title/162184 996 $6260$aRoma :$bGruppo editoriale l'Espresso$9(OLS)http://pul/publisher/79104 LEADER 01105nam a2200253 a 4500 001 000000160520 003 CaOOAMICUS 005 20170505141242.0 008 170505s2016 it u000 u ita r 032 $aLibriCat 040 $aPUL$bita 100 1 $aGiuliano, Leonardo.$0(OLS)http://pul/name/101043 245 13$aUn paradigma inesplorato :$bretorica e teologia del numerale UNO nelle lettere di Paolo /$cLeonardo Giuliano. 260 $aMonopoli :$b[s.n.],$c2016. 300 $a323 p. :$c24 cm 502 $aTesi di Dottorato in Scienze bibliche ed archeologiche--Pontificia Universitas Antonianum, 2016 504 $aBibliografia : p. [267]-281. 630 04$aBiblia.$pN.T.$pPauli epistolae.$0(OLS)http://pul/subject/37973 850 $aPUL 852 $aPUL$W1$xDP1 Tesi Pon. At. Antonianum$y30$m2016 B 1$j2053$qTesi$B187377$CPULBib$Z2$F187377 $82 941 1 $a16 996 $6245$aUn paradigma inesplorato :$bretorica e teologia del numerale UNO nelle lettere di Paolo$9(OLS)http://pul/title/197856 996 $6260$aMonopoli :$b[s.n.]$9(OLS)http://pul/publisher/49179